[Event "Deutsche Ländermeisterschaft 2020"]
[Site "Berlin GER"]
[Date "2020.10.02"]
[Round "4"]
[White "Poetsch, Leonore"]
[Black "Klühs, Gustaf"]
[Result "1/2-1/2"]
[Termination "normal"]
[Board "4.5"]
[WhiteElo "1984"]
[BlackElo "1827"]
[WhiteClock "00:18:53"]
[BlackClock "00:52:02"]
[WhiteTeam "Hessen"]
[BlackTeam "Berlin"]
[PlyCount "90"]
[WhiteFideId "12940372"]
[BlackFideId "16228936"]
[EventCountry "GER"]
[EventRounds "7"]
[EventType "team-swiss"]
[EventDate "2020.09.29"]

1. e4 {[%clk 1:30:56]} e6 {[%clk 1:30:54]} 2. d4 {[%clk 1:31:13]} d5 {[%clk
1:31:20]} 3. exd5 {[%clk 1:31:02]} exd5 {[%clk 1:31:44]} 4. Bd3 {[%clk
1:31:08]} Nc6 {[%clk 1:31:46]} 5. c3 {[%clk 1:31:20]} Bd6 {[%clk 1:32:06]} 6.
Ne2 {[%clk 1:31:12]} Nge7 {[%clk 1:31:53]} 7. Bf4 {[%clk 1:30:16]} Bg4 {[%clk
1:29:58]} 8. Bxd6 {[%clk 1:28:41]} Qxd6 {[%clk 1:28:56]} 9. Qc2 {[%clk
1:25:53]} O-O-O {[%clk 1:19:24]} 10. Nd2 {[%clk 1:22:08]} h5 {[%clk 1:14:17]}
11. f3 {[%clk 1:20:42]} Be6 {[%clk 1:13:15]} 12. O-O-O {[%clk 1:16:07]} g6
{[%clk 1:10:17]} 13. Nb3 {[%clk 1:05:29]} b6 {[%clk 1:05:47]} 14. Kb1 {[%clk
1:00:26]} Bf5 {[%clk 1:04:53]} 15. Nbc1 {[%clk 0:58:56]} Na5 {[%clk 1:01:49]}
16. Qa4 {[%clk 0:53:41]} Qd7 {[%clk 0:57:58]} 17. Qxd7+ {[%clk 0:48:47]} Kxd7
{[%clk 0:58:16]} 18. b3 {[%clk 0:46:51]} c6 {[%clk 0:56:40]} 19. Ng3 {[%clk
0:42:36]} Be6 {[%clk 0:51:19]} 20. Rhe1 {[%clk 0:38:53]} Nb7 {[%clk 0:48:15]}
21. Re2 {[%clk 0:33:48]} Nd6 {[%clk 0:45:09]} 22. Bc2 {[%clk 0:27:13]} h4
{[%clk 0:41:19]} 23. Nf1 {[%clk 0:27:30]} Nef5 {[%clk 0:40:22]} 24. Nd3 {[%clk
0:25:04]} f6 {[%clk 0:39:21]} 25. Nf4 {[%clk 0:21:54]} Bf7 {[%clk 0:39:01]} 26.
Ne3 {[%clk 0:19:20]} Nxe3 {[%clk 0:38:52]} 27. Rxe3 {[%clk 0:19:44]} g5 {[%clk
0:39:18]} 28. Nd3 {[%clk 0:17:56]} Rde8 {[%clk 0:39:21]} 29. Rde1 {[%clk
0:17:01]} Rxe3 {[%clk 0:34:29]} 30. Rxe3 {[%clk 0:17:25]} Re8 {[%clk 0:34:57]}
31. Rxe8 {[%clk 0:16:48]} Kxe8 {[%clk 0:34:49]} 32. Kc1 {[%clk 0:12:32]} Bg6
{[%clk 0:31:52]} 33. Kd2 {[%clk 0:11:42]} Bxd3 {[%clk 0:32:11]} 34. Bxd3 {[%clk
0:11:10]} Ke7 {[%clk 0:31:59]} 35. g3 {[%clk 0:08:33]} hxg3 {[%clk 0:31:59]}
36. hxg3 {[%clk 0:08:59]} Ke6 {[%clk 0:30:25]} 37. g4 {[%clk 0:06:11]} Ne8
{[%clk 0:27:21]} 38. a4 {[%clk 0:03:53]} Kd6 {[%clk 0:27:34]} 39. b4 {[%clk
0:01:48]} a5 {[%clk 0:26:16]} 40. Ke3 {[%clk 0:00:53]} Nc7 {[%clk 0:25:00]} 41.
f4 {[%clk 0:29:07]} Ne6 {[%clk 0:54:44]} 42. fxg5 {[%clk 0:26:01]} fxg5 {[%clk
0:55:01]} 43. bxa5 {[%clk 0:21:29]} bxa5 {[%clk 0:53:57]} 44. c4 {[%clk
0:19:28]} Nf4 {[%clk 0:51:42]} 45. c5+ {[%clk 0:18:53]} Kd7 {[%clk 0:52:02]}
1/2-1/2

[Event "Deutsche Ländermeisterschaft 2020"]
[Site "Berlin GER"]
[Date "2020.10.02"]
[Round "4"]
[White "Werner, Florin"]
[Black "Berghold, Lotta"]
[Result "1-0"]
[Termination "normal"]
[Board "4.7"]
[WhiteElo "1481"]
[BlackElo "1411"]
[WhiteClock "01:22:36"]
[BlackClock "00:26:41"]
[WhiteTeam "Hessen"]
[BlackTeam "Berlin"]
[PlyCount "91"]
[WhiteFideId "16250230"]
[BlackFideId "16243463"]
[EventCountry "GER"]
[EventRounds "7"]
[EventType "team-swiss"]
[EventDate "2020.09.29"]

1. e4 {[%clk 1:30:54]} b6 {[%clk 1:30:56]} 2. d4 {[%clk 1:30:31]} Bb7 {[%clk
1:31:21]} 3. Bd3 {[%clk 1:29:27]} e6 {[%clk 1:31:44]} 4. Nf3 {[%clk 1:29:07]}
Nf6 {[%clk 1:32:10]} 5. Nbd2 {[%clk 1:29:07]} Be7 {[%clk 1:32:10]} 6. O-O
{[%clk 1:29:03]} O-O {[%clk 1:31:47]} 7. Re1 {[%clk 1:29:08]} d6 {[%clk
1:31:39]} 8. Nf1 {[%clk 1:28:36]} Nbd7 {[%clk 1:31:44]} 9. Ng3 {[%clk 1:27:50]}
c5 {[%clk 1:30:51]} 10. e5 {[%clk 1:26:36]} Nd5 {[%clk 1:30:20]} 11. c3 {[%clk
1:26:36]} cxd4 {[%clk 1:28:40]} 12. cxd4 {[%clk 1:27:00]} dxe5 {[%clk 1:23:39]}
13. dxe5 {[%clk 1:27:21]} Re8 {[%clk 1:20:07]} 14. Nd4 {[%clk 1:23:37]} a6
{[%clk 1:17:32]} 15. Nh5 {[%clk 1:19:02]} Bf8 {[%clk 1:05:38]} 16. Nxg7 {[%clk
1:10:30]} Bxg7 {[%clk 1:01:27]} 17. Qh5 {[%clk 1:10:54]} Nf8 {[%clk 1:00:40]}
18. Nf3 {[%clk 1:08:56]} Nf4 {[%clk 0:42:26]} 19. Bxh7+ {[%clk 1:07:35]} Nxh7
{[%clk 0:42:49]} 20. Bxf4 {[%clk 1:08:00]} Bxf3 {[%clk 0:29:40]} 21. Qxf3
{[%clk 1:08:20]} Ra7 {[%clk 0:20:48]} 22. h3 {[%clk 1:05:54]} Qb8 23. Qg3
{[%clk 1:04:53]} Nf8 {[%clk 0:17:19]} 24. Re3 {[%clk 1:04:53]} Ng6 {[%clk
0:15:56]} 25. Rae1 {[%clk 1:04:20]} Rd7 {[%clk 0:12:01]} 26. h4 {[%clk
1:03:15]} Ne7 {[%clk 0:11:17]} 27. Qg5 {[%clk 1:00:18]} Nf5 {[%clk 0:10:54]}
28. Rb3 {[%clk 0:59:51]} b5 {[%clk 0:05:34]} 29. g4 {[%clk 0:59:18]} Nd4 {[%clk
0:05:11]} 30. Rg3 {[%clk 0:59:24]} Qb7 {[%clk 0:04:48]} 31. h5 {[%clk 0:58:29]}
Ne2+ {[%clk 0:02:30]} 32. Kh2 {[%clk 0:58:33]} Nxf4 {[%clk 0:00:35]} 33. Qxf4
{[%clk 0:58:40]} f6 {[%clk 0:00:34]} 34. h6 {[%clk 0:58:14]} fxe5 {[%clk
0:00:42]} 35. Qg5 {[%clk 0:58:29]} Rf8 {[%clk 0:00:40]} 36. Rf1 {[%clk
0:56:33]} Qa7 {[%clk 0:00:35]} 37. Rg2 {[%clk 0:55:59]} Qd4 {[%clk 0:00:47]}
38. hxg7 {[%clk 0:52:31]} Rxg7 {[%clk 0:01:12]} 39. Qc1 {[%clk 0:52:55]} Rxg4
{[%clk 0:00:36]} 40. Rxg4+ {[%clk 0:50:52]} Qxg4 {[%clk 0:01:00]} 41. Rg1
{[%clk 0:50:56]} Rf4 {[%clk 0:26:58]} 42. Rxg4+ {[%clk 1:21:24]} Rxg4 {[%clk
0:27:20]} 43. Qc8+ {[%clk 1:21:49]} Kf7 {[%clk 0:26:29]} 44. Qxa6 {[%clk
1:22:14]} b4 {[%clk 0:26:43]} 45. Qb7+ {[%clk 1:22:29]} Kg6 {[%clk 0:26:41]}
46. Qe7 {[%clk 1:22:36]} 1-0

[Event "Deutsche Ländermeisterschaft 2020"]
[Site "Berlin GER"]
[Date "2020.10.02"]
[Round "4"]
[White "Lorenz, Veronika"]
[Black "Fischer, Juliane"]
[Result "0-1"]
[Termination "normal"]
[Board "4.8"]
[WhiteElo "1273"]
[BlackElo "1509"]
[WhiteClock "00:13:39"]
[BlackClock "00:43:55"]
[WhiteTeam "Berlin"]
[BlackTeam "Hessen"]
[PlyCount "120"]
[WhiteFideId "16277406"]
[BlackFideId "16290135"]
[EventCountry "GER"]
[EventRounds "7"]
[EventType "team-swiss"]
[EventDate "2020.09.29"]

1. e4 {[%clk 1:30:56]} c5 {[%clk 1:30:47]} 2. d4 {[%clk 1:25:54]} cxd4 {[%clk
1:31:04]} 3. c3 {[%clk 1:26:19]} Nf6 {[%clk 1:31:20]} 4. e5 {[%clk 1:26:09]}
Nd5 {[%clk 1:31:37]} 5. cxd4 {[%clk 1:25:56]} e6 {[%clk 1:31:56]} 6. Bc4 {[%clk
1:21:13]} d6 {[%clk 1:29:53]} 7. Nf3 {[%clk 1:11:33]} Nd7 {[%clk 1:28:12]} 8.
O-O {[%clk 1:09:32]} b6 {[%clk 1:24:35]} 9. Bxd5 {[%clk 1:07:17]} exd5 {[%clk
1:24:48]} 10. Re1 {[%clk 1:07:15]} dxe5 {[%clk 1:24:18]} 11. Nxe5 {[%clk
1:06:25]} Be7 {[%clk 1:24:19]} 12. Bg5 {[%clk 0:58:40]} Nxe5 {[%clk 1:05:36]}
13. Bxe7 {[%clk 0:58:26]} Qxe7 {[%clk 1:05:42]} 14. Rxe5 {[%clk 0:58:48]} Be6
{[%clk 1:06:07]} 15. f4 {[%clk 0:57:03]} Qb4 {[%clk 1:00:40]} 16. Nc3 {[%clk
0:44:16]} Qxb2 {[%clk 0:56:09]} 17. f5 {[%clk 0:33:17]} Qxc3 {[%clk 0:55:24]}
18. Rc1 {[%clk 0:32:58]} Qa3 {[%clk 0:53:37]} 19. fxe6 {[%clk 0:33:00]} fxe6
{[%clk 0:53:39]} 20. Rxe6+ {[%clk 0:33:05]} Kf7 {[%clk 0:53:11]} 21. Re5 {[%clk
0:21:44]} Rhc8 {[%clk 0:49:17]} 22. Qh5+ {[%clk 0:15:54]} Kg8 {[%clk 0:46:30]}
23. Rf1 {[%clk 0:14:16]} Rf8 {[%clk 0:44:43]} 24. Rxf8+ {[%clk 0:11:33]} Rxf8
{[%clk 0:45:04]} 25. Qg5 {[%clk 0:08:53]} Qd3 {[%clk 0:44:25]} 26. h3 {[%clk
0:08:37]} Qxd4+ {[%clk 0:41:59]} 27. Kh2 {[%clk 0:08:49]} Qf4+ {[%clk 0:35:15]}
28. Qxf4 {[%clk 0:09:10]} Rxf4 {[%clk 0:35:42]} 29. Rxd5 {[%clk 0:09:28]} Ra4
{[%clk 0:35:34]} 30. Rd2 {[%clk 0:09:43]} Ra6 {[%clk 0:34:33]} 31. Rf2 {[%clk
0:09:26]} b5 {[%clk 0:34:47]} 32. Kg3 {[%clk 0:09:25]} Rg6+ {[%clk 0:34:58]}
33. Kf3 {[%clk 0:09:46]} Rf6+ {[%clk 0:35:20]} 34. Ke3 {[%clk 0:10:03]} Rxf2
{[%clk 0:35:38]} 35. Kxf2 {[%clk 0:10:29]} Kf7 {[%clk 0:35:57]} 36. Ke3 {[%clk
0:10:48]} Ke6 {[%clk 0:36:21]} 37. Ke4 {[%clk 0:10:56]} a5 {[%clk 0:36:36]} 38.
Kd4 {[%clk 0:11:12]} Kd6 {[%clk 0:37:00]} 39. a3 {[%clk 0:11:23]} b4 {[%clk
0:37:20]} 40. axb4 {[%clk 0:11:38]} axb4 {[%clk 0:37:43]} 41. Kc4 {[%clk
0:11:53]} Ke5 {[%clk 0:37:56]} 42. Kxb4 {[%clk 0:09:58]} Kf4 {[%clk 0:38:18]}
43. h4 {[%clk 0:09:01]} Kg4 {[%clk 0:38:36]} 44. g3 {[%clk 0:08:25]} Kxg3
{[%clk 0:38:59]} 45. h5 {[%clk 0:08:49]} Kg4 {[%clk 0:39:22]} 46. h6 {[%clk
0:08:55]} g6 {[%clk 0:39:12]} 47. Kc4 {[%clk 0:09:03]} Kh5 {[%clk 0:39:35]} 48.
Kd4 {[%clk 0:09:29]} Kxh6 {[%clk 0:39:55]} 49. Ke3 {[%clk 0:09:44]} g5 {[%clk
0:40:11]} 50. Kf3 {[%clk 0:10:09]} Kg6 {[%clk 0:40:34]} 51. Kg4 {[%clk
0:10:32]} h5+ {[%clk 0:40:56]} 52. Kg3 {[%clk 0:10:55]} Kf5 {[%clk 0:41:13]}
53. Kf3 {[%clk 0:11:13]} h4 {[%clk 0:41:27]} 54. Kg2 {[%clk 0:11:36]} g4 {[%clk
0:41:49]} 55. Kh2 {[%clk 0:11:49]} Kf4 {[%clk 0:42:13]} 56. Kg2 {[%clk
0:12:12]} g3 {[%clk 0:42:27]} 57. Kg1 {[%clk 0:12:33]} h3 {[%clk 0:42:51]} 58.
Kf1 {[%clk 0:12:49]} Kf3 {[%clk 0:43:15]} 59. Kg1 {[%clk 0:13:12]} g2 {[%clk
0:43:37]} 60. Kh2 {[%clk 0:13:39]} Kf2 {[%clk 0:43:55]} 0-1

[Event "Deutsche Ländermeisterschaft 2020"]
[Site "Berlin GER"]
[Date "2020.10.02"]
[Round "4"]
[White "Nguyen, Alex Dac-Vuong"]
[Black "Schneider, Jana"]
[Result "1/2-1/2"]
[Termination "normal"]
[Board "5.2"]
[WhiteTitle "FM"]
[BlackTitle "FM"]
[WhiteElo "2343"]
[BlackElo "2270"]
[WhiteClock "00:23:32"]
[BlackClock "00:35:06"]
[WhiteTeam "Sachsen"]
[BlackTeam "Bayern"]
[PlyCount "87"]
[WhiteFideId "12984388"]
[BlackFideId "12924997"]
[EventCountry "GER"]
[EventRounds "7"]
[EventType "team-swiss"]
[EventDate "2020.09.29"]

1. e4 {[%clk 1:30:56]} e5 {[%clk 1:30:51]} 2. Nf3 {[%clk 1:31:19]} Nc6 {[%clk
1:31:14]} 3. Bb5 {[%clk 1:31:41]} a6 {[%clk 1:31:33]} 4. Ba4 {[%clk 1:32:05]}
d6 {[%clk 1:31:47]} 5. Bxc6+ {[%clk 1:22:45]} bxc6 {[%clk 1:32:08]} 6. d4
{[%clk 1:23:06]} exd4 {[%clk 1:32:10]} 7. Nxd4 {[%clk 1:23:13]} c5 {[%clk
1:30:20]} 8. Nf3 {[%clk 1:17:59]} Be7 {[%clk 1:21:59]} 9. O-O {[%clk 1:10:30]}
Nf6 {[%clk 1:20:18]} 10. e5 {[%clk 1:03:12]} Nd7 {[%clk 1:19:05]} 11. Re1
{[%clk 0:57:03]} O-O {[%clk 1:18:09]} 12. Qe2 {[%clk 0:50:26]} Nxe5 {[%clk
1:12:48]} 13. Nxe5 {[%clk 0:50:50]} dxe5 {[%clk 1:13:12]} 14. Qxe5 {[%clk
0:50:56]} Bf6 {[%clk 1:05:22]} 15. Qxc5 {[%clk 0:44:27]} Re8 {[%clk 1:03:54]}
16. Rf1 {[%clk 0:33:03]} a5 {[%clk 0:52:29]} 17. Na3 {[%clk 0:28:53]} Ba6
{[%clk 0:52:06]} 18. c4 {[%clk 0:29:03]} Bd4 {[%clk 0:40:13]} 19. Qf5 {[%clk
0:27:56]} Re2 {[%clk 0:38:48]} 20. Bg5 {[%clk 0:20:57]} Qe8 {[%clk 0:29:42]}
21. Rad1 {[%clk 0:15:19]} Bxb2 {[%clk 0:28:05]} 22. Nb5 {[%clk 0:13:32]} Re5
{[%clk 0:26:25]} 23. Qg4 {[%clk 0:13:29]} Re4 {[%clk 0:26:15]} 24. Qf3 {[%clk
0:13:36]} Rxc4 {[%clk 0:24:45]} 25. Rfe1 {[%clk 0:13:20]} Qc6 {[%clk 0:22:35]}
26. Qxc6 {[%clk 0:09:58]} Rxc6 {[%clk 0:22:49]} 27. Nxc7 {[%clk 0:09:09]} Rf8
{[%clk 0:12:06]} 28. Nxa6 {[%clk 0:07:24]} Rxa6 {[%clk 0:12:30]} 29. Re2 {[%clk
0:05:16]} Ba3 {[%clk 0:10:31]} 30. Rd3 {[%clk 0:04:49]} Rd6 {[%clk 0:08:54]}
31. Rxd6 {[%clk 0:04:10]} Bxd6 {[%clk 0:09:17]} 32. Rd2 {[%clk 0:04:09]} Re8
{[%clk 0:07:36]} 33. g3 {[%clk 0:04:17]} Bb4 {[%clk 0:07:57]} 34. Rc2 {[%clk
0:03:57]} h6 {[%clk 0:07:18]} 35. Be3 {[%clk 0:04:16]} Rd8 {[%clk 0:06:54]} 36.
Kg2 {[%clk 0:04:24]} Kf8 {[%clk 0:06:35]} 37. Rc7 {[%clk 0:03:53]} Rd3 {[%clk
0:06:25]} 38. Kf3 {[%clk 0:03:10]} Ra3 {[%clk 0:04:36]} 39. Rc2 {[%clk
0:03:34]} Ke7 {[%clk 0:04:28]} 40. Ke4 {[%clk 0:03:53]} Ke6 {[%clk 0:04:06]}
41. Rc6+ {[%clk 0:26:31]} Kd7 {[%clk 0:34:29]} 42. Rc2 {[%clk 0:26:54]} Ke6
{[%clk 0:34:44]} 43. Rc6+ {[%clk 0:23:07]} Kd7 {[%clk 0:35:06]} 44. Rc2 {[%clk
0:23:32]} 1/2-1/2

[Event "Deutsche Ländermeisterschaft 2020"]
[Site "Berlin GER"]
[Date "2020.10.02"]
[Round "4"]
[White "Kolb, Tobias"]
[Black "Dahl, Christoph"]
[Result "1-0"]
[Termination "normal"]
[Board "5.3"]
[WhiteElo "2268"]
[BlackElo "2262"]
[WhiteClock "00:09:45"]
[BlackClock "00:43:25"]
[WhiteTeam "Bayern"]
[BlackTeam "Sachsen"]
[PlyCount "79"]
[WhiteFideId "12992321"]
[BlackFideId "16240235"]
[EventCountry "GER"]
[EventRounds "7"]
[EventType "team-swiss"]
[EventDate "2020.09.29"]

1. d4 {[%clk 1:30:57]} Nf6 {[%clk 1:30:50]} 2. c4 {[%clk 1:31:23]} g6 {[%clk
1:31:01]} 3. Nc3 {[%clk 1:31:47]} Bg7 {[%clk 1:31:11]} 4. e4 {[%clk 1:31:34]}
d6 {[%clk 1:30:52]} 5. f3 {[%clk 1:30:03]} O-O {[%clk 1:30:23]} 6. Be3 {[%clk
1:30:06]} c5 {[%clk 1:29:40]} 7. dxc5 {[%clk 1:26:59]} dxc5 {[%clk 1:29:43]} 8.
Qxd8 {[%clk 1:26:46]} Rxd8 {[%clk 1:30:09]} 9. Bxc5 {[%clk 1:27:10]} Nc6 {[%clk
1:28:33]} 10. Nge2 {[%clk 1:26:46]} Nd7 {[%clk 1:27:38]} 11. Be3 {[%clk
1:26:49]} Nde5 {[%clk 1:27:10]} 12. Nf4 {[%clk 1:26:47]} Nb4 {[%clk 1:25:48]}
13. Rc1 {[%clk 1:26:05]} g5 {[%clk 1:21:23]} 14. Nfd5 {[%clk 1:24:23]} Ned3+
{[%clk 1:20:38]} 15. Bxd3 {[%clk 1:24:21]} Nxd3+ {[%clk 1:21:02]} 16. Ke2
{[%clk 1:24:46]} Nxc1+ {[%clk 1:20:29]} 17. Rxc1 {[%clk 1:25:12]} Be6 {[%clk
1:18:30]} 18. Bxg5 {[%clk 1:15:10]} Rd7 {[%clk 1:15:54]} 19. Nxe7+ {[%clk
1:06:05]} Kf8 {[%clk 1:15:28]} 20. Ned5 {[%clk 1:04:20]} Rc8 {[%clk 1:14:20]}
21. b3 {[%clk 1:02:04]} Rc5 {[%clk 1:07:58]} 22. Be3 {[%clk 1:00:40]} Rc6
{[%clk 1:06:58]} 23. f4 {[%clk 0:48:49]} Bxc3 {[%clk 1:05:53]} 24. Nxc3 {[%clk
0:48:29]} f5 {[%clk 1:06:10]} 25. h3 {[%clk 0:37:09]} h5 {[%clk 1:02:26]} 26.
Kf3 {[%clk 0:35:11]} Rd3 {[%clk 0:58:27]} 27. Nd5 {[%clk 0:31:17]} a5 {[%clk
0:58:43]} 28. g4 {[%clk 0:27:52]} Rc8 {[%clk 0:56:56]} 29. Nb6 {[%clk 0:24:15]}
Re8 {[%clk 0:55:01]} 30. gxf5 {[%clk 0:21:18]} Bxf5 {[%clk 0:55:18]} 31. e5
{[%clk 0:21:44]} Red8 {[%clk 0:52:38]} 32. Nd5 {[%clk 0:21:01]} a4 {[%clk
0:50:57]} 33. Rg1 {[%clk 0:15:42]} axb3 {[%clk 0:50:55]} 34. axb3 {[%clk
0:16:09]} Bxh3 {[%clk 0:49:54]} 35. Ke4 {[%clk 0:15:36]} Rxb3 {[%clk 0:49:56]}
36. Bc5+ {[%clk 0:14:49]} Kf7 {[%clk 0:49:06]} 37. f5 {[%clk 0:13:31]} Re8
{[%clk 0:48:48]} 38. Nc7 {[%clk 0:09:30]} Rxe5+ {[%clk 0:44:17]} 39. Kxe5
{[%clk 0:09:51]} Rf3 {[%clk 0:43:25]} 40. Rg5 {[%clk 0:09:45]} 1-0

[Event "Deutsche Ländermeisterschaft 2020"]
[Site "Berlin GER"]
[Date "2020.10.02"]
[Round "4"]
[White "Junker, Magnus"]
[Black "Hagenbeck-Hübert, Ben"]
[Result "1-0"]
[Termination "normal"]
[Board "5.5"]
[WhiteElo "2093"]
[BlackElo "1749"]
[WhiteClock "01:00:52"]
[BlackClock "00:14:02"]
[WhiteTeam "Bayern"]
[BlackTeam "Sachsen"]
[PlyCount "121"]
[WhiteFideId "16218507"]
[BlackFideId "16230779"]
[EventCountry "GER"]
[EventRounds "7"]
[EventType "team-swiss"]
[EventDate "2020.09.29"]

1. e4 {[%clk 1:30:58]} e5 {[%clk 1:30:52]} 2. Nf3 {[%clk 1:31:25]} Nc6 {[%clk
1:31:11]} 3. d4 {[%clk 1:31:51]} exd4 {[%clk 1:31:23]} 4. Bc4 {[%clk 1:32:16]}
Nf6 {[%clk 1:31:03]} 5. e5 {[%clk 1:32:19]} d5 {[%clk 1:30:30]} 6. Bb5 {[%clk
1:31:55]} Ne4 {[%clk 1:29:48]} 7. Nxd4 {[%clk 1:32:19]} Bd7 {[%clk 1:29:43]} 8.
Bxc6 {[%clk 1:32:36]} bxc6 {[%clk 1:30:04]} 9. O-O {[%clk 1:31:58]} Bc5 {[%clk
1:25:38]} 10. Be3 {[%clk 1:31:36]} O-O {[%clk 1:17:33]} 11. f3 {[%clk 1:30:07]}
Ng5 {[%clk 1:11:38]} 12. f4 {[%clk 1:30:23]} Ne4 {[%clk 1:09:41]} 13. Nd2
{[%clk 1:30:37]} Nxd2 {[%clk 1:06:36]} 14. Qxd2 {[%clk 1:31:03]} f6 {[%clk
1:06:17]} 15. Rae1 {[%clk 1:24:35]} fxe5 {[%clk 1:02:54]} 16. fxe5 {[%clk
1:24:59]} Rxf1+ {[%clk 1:01:53]} 17. Rxf1 {[%clk 1:24:59]} Qe7 {[%clk 0:59:10]}
18. e6 {[%clk 1:21:47]} Bxd4 {[%clk 0:57:12]} 19. Bxd4 {[%clk 1:22:11]} Bxe6
{[%clk 0:52:41]} 20. Qe3 {[%clk 1:21:19]} a6 {[%clk 0:51:43]} 21. Rf3 {[%clk
1:20:42]} c5 {[%clk 0:43:04]} 22. Bxc5 {[%clk 1:20:11]} Qd7 {[%clk 0:42:21]}
23. Qf4 {[%clk 1:19:06]} Bf7 {[%clk 0:40:36]} 24. h4 {[%clk 1:17:54]} Re8
{[%clk 0:39:12]} 25. Rg3 {[%clk 1:15:49]} Bg6 {[%clk 0:32:43]} 26. c3 {[%clk
1:09:35]} Qf7 {[%clk 0:27:44]} 27. Qa4 {[%clk 1:08:51]} Re1+ {[%clk 0:25:28]}
28. Kh2 {[%clk 1:09:14]} Re4 {[%clk 0:19:20]} 29. Qxa6 {[%clk 1:09:32]} Rxh4+
{[%clk 0:19:12]} 30. Kg1 {[%clk 1:09:54]} Qe8 {[%clk 0:15:51]} 31. Rf3 {[%clk
1:08:24]} Bf7 {[%clk 0:16:11]} 32. b4 {[%clk 1:07:25]} Re4 {[%clk 0:15:28]} 33.
a4 {[%clk 1:06:33]} Re1+ {[%clk 0:15:12]} 34. Rf1 {[%clk 1:06:57]} Rxf1+ {[%clk
0:14:40]} 35. Kxf1 {[%clk 1:07:17]} Be6 {[%clk 0:14:26]} 36. Bf2 {[%clk
1:01:49]} Bd7 {[%clk 0:12:38]} 37. b5 {[%clk 1:01:19]} Qe4 {[%clk 0:12:32]} 38.
Kg1 {[%clk 0:53:03]} Qd3 {[%clk 0:10:32]} 39. Qa8+ {[%clk 0:51:51]} Kf7 {[%clk
0:10:44]} 40. Qd8 {[%clk 0:52:07]} Qd1+ {[%clk 0:10:29]} 41. Kh2 {[%clk
0:52:31]} Qh5+ {[%clk 0:10:32]} 42. Bh4 {[%clk 0:51:51]} Qe5+ {[%clk 0:08:14]}
43. Kh1 {[%clk 0:51:52]} Qd6 {[%clk 0:07:06]} 44. Kg1 {[%clk 0:49:06]} h6
{[%clk 0:06:37]} 45. Bf2 {[%clk 0:48:02]} Kg6 {[%clk 0:03:36]} 46. Bd4 {[%clk
0:48:01]} Qe6 {[%clk 0:03:25]} 47. Qh4 {[%clk 0:45:52]} Qg4 {[%clk 0:30:08]}
48. Qe1 {[%clk 1:10:52]} Qe6 {[%clk 0:27:00]} 49. Qa1 {[%clk 1:06:09]} Qe2
{[%clk 0:25:11]} 50. c4 {[%clk 1:04:39]} Qxc4 {[%clk 0:24:46]} 51. Bxg7 {[%clk
1:04:57]} h5 {[%clk 0:19:27]} 52. Qf6+ {[%clk 1:04:46]} Kh7 {[%clk 0:19:49]}
53. Bh6 {[%clk 1:03:16]} Qg4 {[%clk 0:18:55]} 54. Bf4 {[%clk 1:01:34]} h4
{[%clk 0:14:25]} 55. Qf7+ {[%clk 0:59:31]} Qg7 {[%clk 0:14:33]} 56. Qh5+ {[%clk
0:59:57]} Kg8 {[%clk 0:14:38]} 57. Qxd5+ {[%clk 1:00:20]} Kh7 {[%clk 0:13:39]}
58. Qh5+ {[%clk 0:59:57]} Kg8 {[%clk 0:14:03]} 59. Qxh4 {[%clk 1:00:13]} Qa1+
{[%clk 0:14:07]} 60. Kh2 {[%clk 1:00:34]} Qxa4 {[%clk 0:14:02]} 61. Qd8+ {[%clk
1:00:52]} 1-0

[Event "Deutsche Ländermeisterschaft 2020"]
[Site "Berlin GER"]
[Date "2020.10.02"]
[Round "4"]
[White "Basovskiy, Jana"]
[Black "Farokhi, Keyvan"]
[Result "0-1"]
[Termination "normal"]
[Board "6.4"]
[WhiteElo "1760"]
[BlackElo "2001"]
[WhiteClock "00:35:24"]
[BlackClock "01:17:36"]
[WhiteTeam "Baden"]
[BlackTeam "Schleswig-Holstein"]
[PlyCount "54"]
[WhiteFideId "16208617"]
[BlackFideId "12998630"]
[EventCountry "GER"]
[EventRounds "7"]
[EventType "team-swiss"]
[EventDate "2020.09.29"]

1. e4 {[%clk 1:30:57]} c6 {[%clk 1:30:35]} 2. d4 {[%clk 1:31:16]} d5 {[%clk
1:31:03]} 3. Nc3 {[%clk 1:31:34]} dxe4 {[%clk 1:31:24]} 4. Nxe4 {[%clk
1:32:00]} Bf5 {[%clk 1:31:42]} 5. Ng3 {[%clk 1:32:27]} Bg6 {[%clk 1:32:00]} 6.
h4 {[%clk 1:32:52]} h6 {[%clk 1:32:24]} 7. Nf3 {[%clk 1:33:18]} Nd7 {[%clk
1:32:49]} 8. h5 {[%clk 1:33:44]} Bh7 {[%clk 1:33:17]} 9. Bd3 {[%clk 1:34:07]}
Bxd3 {[%clk 1:33:42]} 10. Qxd3 {[%clk 1:34:34]} e6 {[%clk 1:34:01]} 11. Bd2
{[%clk 1:34:41]} Ngf6 {[%clk 1:34:21]} 12. O-O-O {[%clk 1:34:51]} Be7 {[%clk
1:34:43]} 13. Kb1 {[%clk 1:35:09]} O-O {[%clk 1:35:03]} 14. Ne4 Nxe4 {[%clk
1:35:30]} 15. Qxe4 {[%clk 1:35:52]} Nf6 {[%clk 1:35:58]} 16. Qe2 {[%clk
1:36:08]} Qd5 {[%clk 1:35:52]} 17. Be3 {[%clk 1:36:09]} b5 {[%clk 1:35:14]} 18.
Ne5 {[%clk 1:22:27]} Bd6 {[%clk 1:30:51]} 19. f4 {[%clk 1:12:55]} Qe4 {[%clk
1:29:12]} 20. Rh3 {[%clk 1:04:07]} Nd5 {[%clk 1:21:34]} 21. Qf2 {[%clk
1:00:46]} Bxe5 {[%clk 1:21:59]} 22. dxe5 {[%clk 0:57:53]} Rfd8 {[%clk 1:19:46]}
23. Bc1 {[%clk 0:51:44]} Nc3+ {[%clk 1:19:50]} 24. Rxc3 {[%clk 0:48:46]} Rxd1
{[%clk 1:19:52]} 25. g4 {[%clk 0:45:12]} Rad8 {[%clk 1:19:05]} 26. b3 {[%clk
0:43:30]} b4 {[%clk 1:17:23]} 27. Rc4 {[%clk 0:35:24]} Qe1 {[%clk 1:17:36]} 0-1

[Event "Deutsche Ländermeisterschaft 2020"]
[Site "Berlin GER"]
[Date "2020.10.02"]
[Round "4"]
[White "Mundt, Alexandra"]
[Black "Schulz, Hannah"]
[Result "1-0"]
[Termination "normal"]
[Board "6.5"]
[WhiteElo "1786"]
[BlackElo "1589"]
[WhiteClock "00:42:05"]
[BlackClock "01:00:55"]
[WhiteTeam "Schleswig-Holstein"]
[BlackTeam "Baden"]
[PlyCount "45"]
[WhiteFideId "16217276"]
[BlackFideId "16244745"]
[EventCountry "GER"]
[EventRounds "7"]
[EventType "team-swiss"]
[EventDate "2020.09.29"]

1. e4 {[%clk 1:30:58]} c5 {[%clk 1:30:49]} 2. Nf3 {[%clk 1:31:23]} Nc6 {[%clk
1:31:10]} 3. d4 {[%clk 1:31:46]} cxd4 {[%clk 1:31:30]} 4. Nxd4 {[%clk 1:32:12]}
g6 {[%clk 1:31:50]} 5. Nc3 {[%clk 1:31:52]} Bg7 {[%clk 1:32:13]} 6. Nb3 {[%clk
1:32:01]} Nf6 {[%clk 1:32:15]} 7. Be2 {[%clk 1:32:01]} O-O {[%clk 1:32:25]} 8.
Be3 {[%clk 1:31:13]} d6 {[%clk 1:29:05]} 9. Qd2 {[%clk 1:21:54]} Ng4 {[%clk
1:27:07]} 10. Bxg4 {[%clk 1:21:26]} Bxg4 {[%clk 1:24:22]} 11. f3 {[%clk
1:21:47]} Bd7 {[%clk 1:22:56]} 12. Bh6 {[%clk 1:19:03]} a5 {[%clk 1:17:19]} 13.
h4 {[%clk 1:11:21]} a4 {[%clk 1:16:10]} 14. Bxg7 {[%clk 1:02:21]} Kxg7 {[%clk
1:16:17]} 15. h5 {[%clk 1:01:29]} Rh8 {[%clk 1:14:49]} 16. Nd4 {[%clk 0:59:43]}
e5 {[%clk 1:10:35]} 17. Nxc6 {[%clk 0:56:49]} Bxc6 {[%clk 1:10:37]} 18. O-O-O
{[%clk 0:52:56]} a3 {[%clk 1:09:02]} 19. b3 {[%clk 0:43:02]} Qa5 {[%clk
1:05:23]} 20. h6+ {[%clk 0:43:11]} Kf8 {[%clk 1:00:58]} 21. Qxd6+ {[%clk
0:43:30]} Ke8 {[%clk 1:00:59]} 22. Nd5 {[%clk 0:41:45]} Bxd5 {[%clk 1:00:55]}
23. Rxd5 {[%clk 0:42:05]} 1-0